Quiz sur les Pays Nordiques - Statistiques

Statistiques générales
  • Ce quiz a été pris 47 fois
  • Le résultat moyen est 19 sur 30
Statistiques - réponses
Questions Réponses % Correct
Finlande
100%
Norvège
100%
Oslo
100%
Stockholm
100%
5 pays et leur capitale Suède
100%
Islande
98%
Danemark
95%
Helsinki
95%
Copenhague
93%
Reykjavik
90%
Devises monétaires Euro (Finlande)
85%
Peuple maritime et conquérant du VIIIème au XIIème siècle Viking
85%
Cabane en bois typique des Pays Nordiques dans laquelle on prend un bain de chaleur Sauna
80%
2 territoires autonomes et leur capitale Groenland
75%
Couronne (Danemark, Islande, Norvège, Suède)
70%
Région transnationale habitée par un peuple autochtone Laponie
65%
Dieu du tonnerre dans la mythologie nordique Thor
63%
Îles Féroé
58%
Vallée glaciaire que l'on retrouve beaucoup dans les paysages des Pays Nordiques Fjord
55%
Poisson très populaire parfois consommé fermenté Hareng
55%
Nuuk
40%
Peuple autochtone qui vit dans cette région Sámi
35%
Branche du protestantisme dominante Luthéranisme
30%
Alphabet proto-germanique originellement utilisé pour graver des inscriptions dans la pierre, le bois, le métal ou le cuir Runique
30%
Chaîne de montagnes qui s'étend le long de la mer du Nord Alpes scandinaves
18%
Ville de plus de 50 000 habitants la plus septentrionale du monde Tromsø
18%
Tórshavn
15%
1 région autonome et sa capitale Åland
13%
Mariehamn
5%
Style musical sur lequel on danse traditionnellement en cercle Folk
3%
Aucun quiz correspondant
Distribution des résultats
% des personnes avec chaque résultat
Percentile par nombre de réponses
Votre historique - résultats
Vous n’avez pas pris ce quiz